Phục hồi văn hoá truyền thống ở nông thôn - mấy vấn đề cần quan tâm /
Saved in:
| Main Author: | |
|---|---|
| Format: | Article |
| Language: | Vietnamese |
| Subjects: | |
| Tags: |
Add Tag
No Tags, Be the first to tag this record!
|
| Institutions: | Thư viện Trường Đại học Đà Lạt |
|---|
| LEADER | 00953nam a2200337 4500 | ||
|---|---|---|---|
| 001 | DLU040030241 | ||
| 040 | # | # | |a DLU |b vie |
| 041 | # | # | |a vie |
| 044 | # | # | |a vn |
| 100 | # | # | |a Nguyễn Linh Khiếu |
| 245 | # | # | |a Phục hồi văn hoá truyền thống ở nông thôn - mấy vấn đề cần quan tâm / |c Nguyễn Linh Khiếu |
| 653 | # | # | |a Cưới xin |
| 653 | # | # | |a Phong tục tập quán |
| 653 | # | # | |a Tín ngưỡng dân gian |
| 653 | # | # | |a Văn hoá tinh thần |
| 653 | # | # | |a Văn hoá truyền thống |
| 653 | # | # | |n ông thôn |
| 773 | # | # | |t Xã hội học |g Số 3, 1997, tr 88 - 93 |
| 920 | # | # | |a Phòng Tạp chí -- Trung tâm Thông tin - Thư viện Trường Đại học Đà Lạt |
| 933 | # | # | |a CP |
| 933 | # | # | |a VN |
| 994 | # | # | |a DLU |
| 900 | # | # | |a True |
| 911 | # | # | |a Trần Văn Thống Nhất |
| 925 | # | # | |a G |
| 926 | # | # | |a A |
| 927 | # | # | |a BB |
| 980 | # | # | |a Thư viện Trường Đại học Đà Lạt |